[Event "45th Sitges Open 2019"]
[Site "Sitges"]
[Date "2019.07.22"]
[Round "1.1"]
[White "Baklan, Vladimir"]
[Black "Menac Comas, Joan Ramon"]
[Result "1-0"]
[WhiteElo "2621"]
[BlackElo "2078"]
[Annotator "TA"]
[PlyCount "75"]
[EventDate "2019.07.21"]
[EventType "swiss"]
[EventCountry "ESP"]
[SourceTitle "playchess.com"]
[Source "ChessBase"]
[SourceQuality "1"]

{[%evp 9,75,4,9,11,71,71,71,71,71,71,71,77,77,85,94,81,102,91,91,91,87,87,91,87,100,99,83,91,89,101,182,98,102,85,152,87,160,135,140,131,235,234,235,219,235,235,242,216,299,295,287,285,326,253,345,320,321,308,390,360,358,352,487,489,6179,6179,6179,5272]} 1. e4 c5 2. Nf3 g6 3. d4 cxd4 4. Qxd4 Nf6 5. Nc3 Nc6 6. Qa4 {B27: Sicilian: 2 Nf3, unusual Black 2nd moves} Bg7 (6... d6 $11) (6... d6 7. e5 dxe5 8. Nxe5 Bd7 9. Nxd7 Qxd7 10. Be2 Bg7 11. O-O O-O 12. Rd1 Qf5 13. Bd3 Qh5 14. Qb5 Qxb5 15. Bxb5 Nb4 16. Ba4 {1-0 (60) Guseinov,G (2664)-Gordievsky,D (2614) St Petersburg 2018}) 7. e5 $16 Ng8 8. Bf4 {White is better.} f6 9. exf6 Nxf6 10. O-O-O O-O 11. Bc4+ Kh8 12. Rhe1 $146 ({Predecessor:} 12. Ng5 Ng4 13. Bg3 Bh6 14. f4 e5 15. Bh4 Rxf4 16. Nf7+ Rxf7+ {0-1 (16) Ribeiro,F (2165)-Carneiro,C (2094) Maia 2018}) 12... Qa5 {With the idea ...Ng4.} 13. Qxa5 Nxa5 14. Bb3 $36 {[%mdl 2048] White has strong initiative.} Nxb3+ 15. axb3 b6 16. Bg3 Ng8 17. Nd5 Bb7 18. Nxe7 Bxf3 19. gxf3 Rxf3 (19... Rae8 $16) 20. Nxg8 ({White should try} 20. Rxd7 $18 Nf6 21. Rb7) 20... Kxg8 21. Rxd7 {Ree7! is the strong threat.} Bf6 ({Better is} 21... Bf8) 22. Re6 (22. h4 $142) 22... Rf5 (22... Bg5+ $142 23. Kb1 Rf7) 23. c3 Bg5+ 24. Kc2 Bf6 (24... Rf7 $16 {might work better.} 25. Rd5 Bf4) 25. b4 $18 Bg5 26. Rc6 Bd8 27. Rcd6 Bf6 28. Kb3 Bg5 29. Rb7 Bf6 30. Rdd7 h5 31. h4 ({Resist} 31. Rxa7 $6 Rxa7 32. Rxa7 b5 $18) 31... b5 32. Rdc7 ({Not} 32. Rxa7 Rxa7 33. Rxa7 g5 $16) 32... a6 33. Rc6 Kf8 34. Bb8 {[#] Intending Rc8+ and mate.} Be7 35. Rxg6 Rxf2 36. Rh6 {White is clearly winning.} Rf7 (36... Kg7 $142) 37. Rh8+ Kg7 38. Be5+ {[%mdl 64] Discovered Attack. Accuracy: White = 80%, Black = 51%.} 1-0

[Event "45th Sitges Open 2019"]
[Site "Sitges"]
[Date "2019.07.22"]
[Round "1.2"]
[White "Guasch Figuerola, Agusti"]
[Black "Guliyev, Namig"]
[Result "0-1"]
[WhiteElo "2071"]
[BlackElo "2551"]
[Annotator "ChessBase"]
[PlyCount "64"]
[EventDate "2019.07.21"]
[EventType "swiss"]
[EventCountry "ESP"]
[SourceTitle "playchess.com"]
[Source "ChessBase"]
[SourceQuality "1"]
[TimeControl "40/5400+30:1800+30"]

1. c4 {[%emt 0:00:09]} e6 {[%emt 0:00:15]} 2. g3 {[%emt 0:01:04]} d5 {[%emt 0:00:11]} 3. Nf3 {[%emt 0:00:10]} d4 {[%emt 0:00:53]} 4. Bg2 {[%emt 0:00:16]} Nc6 {[%emt 0:00:45]} 5. O-O {[%emt 0:00:16]} g6 {[%emt 0:01:07]} 6. e3 {[%emt 0:00:51]} Bg7 {[%emt 0:00:10]} 7. exd4 {[%emt 0:00:34]} Nge7 {[%emt 0:02:08]} 8. Nc3 {[%emt 0:03:57]} O-O {[%emt 0:02:27]} 9. d3 {[%emt 0:02:09]} Nxd4 {[%emt 0:00:11]} 10. Nxd4 {[%emt 0:00:05]} Bxd4 {[%emt 0:00:06]} 11. Ne2 {[%emt 0:04:17]} Bg7 {[%emt 0:00:28]} 12. d4 {[%emt 0:00:55]} Nf5 {[%emt 0:00:07]} 13. d5 {[%emt 0:09:28]} exd5 {[%emt 0:01:08]} 14. cxd5 {[%emt 0:00:11]} Re8 {[%emt 0:00:30]} 15. Nc3 {[%emt 0:02:46]} Bd7 {[%emt 0:00:52]} 16. h4 {[%emt 0:08:09]} Qf6 {[%emt 0:04:02]} 17. Bg5 {[%emt 0:17:52]} Qb6 {[%emt 0:00:11]} 18. Ne4 {[%emt 0:08:05]} h6 {[%emt 0:04:05]} 19. Bf4 {[%emt 0:03:11]} Rad8 {[%emt 0:00:18]} 20. Rb1 {[%emt 0:10:27]} c6 {[%emt 0:02:53]} 21. d6 {[%emt 0:04:25]} Be6 {[%emt 0:00:07]} 22. Qa4 {[%emt 0:01:48]} Bd5 {[%emt 0:02:54]} 23. Rfd1 {[%emt 0:02:14]} Bxe4 {[%emt 0:06:37]} 24. Bxe4 {[%emt 0:00:04]} Nd4 {[%emt 0:00:07]} 25. Bd3 {[%emt 0:05:43]} g5 {[%emt 0:05:19]} 26. hxg5 {[%emt 0:09:28]} hxg5 {[%emt 0:01:21]} 27. Bxg5 {[%emt 0:01:20]} Nf3+ {[%emt 0:00:10]} 28. Kg2 {[%emt 0:00:01]} Nxg5 {[%emt 0:00:08]} 29. Qh4 {[%emt 0:00:17]} Qc5 {[%emt 0:00:25]} 30. d7 {[%emt 0:01:30]} Re7 {[%emt 0:00:29]} 31. Bc4 {[%emt 0:03:15]} Rexd7 {[%emt 0:01:13]} 32. Rdc1 {[%emt 0:00:15]} Qf5 {[%emt 0:00:22]} 0-1

[Event "45th Sitges Open 2019"]
[Site "Sitges"]
[Date "2019.07.22"]
[Round "1.3"]
[White "Volkov, Sergey"]
[Black "Chirivi C, Angie Lizeth"]
[Result "1-0"]
[WhiteElo "2548"]
[BlackElo "2069"]
[Annotator "ChessBase"]
[PlyCount "63"]
[EventDate "2019.07.21"]
[EventType "swiss"]
[EventCountry "ESP"]
[SourceTitle "playchess.com"]
[Source "ChessBase"]
[SourceQuality "1"]
[TimeControl "40/5400+30:1800+30"]

1. d4 {[%emt 0:00:00]} Nf6 {[%emt 0:00:00]} 2. c4 {[%emt 0:00:00]} g6 {[%emt 0:00:24]} 3. Nc3 {[%emt 0:00:00]} d5 {[%emt 0:00:39]} 4. Nf3 {[%emt 0:00:05]} Bg7 {[%emt 0:00:42]} 5. Qb3 {[%emt 0:00:12]} dxc4 {[%emt 0:00:56]} 6. Qxc4 {[%emt 0:00:05]} O-O {[%emt 0:00:52]} 7. e4 {[%emt 0:00:08]} Nfd7 {[%emt 0:05:56]} 8. Be2 {[%emt 0:02:55]} Nb6 {[%emt 0:00:07]} 9. Qc5 {[%emt 0:00:58]} Bg4 {[%emt 0:01:10]} 10. Be3 {[%emt 0:01:16]} N8d7 {[%emt 0:05:59]} 11. Qg5 {[%emt 0:02:37]} Nf6 {[%emt 0:07:13]} 12. Rd1 {[%emt 0:03:27]} c6 {[%emt 0:02:25]} 13. O-O {[%emt 0:02:32]} Bxf3 {[%emt 0:09:07]} 14. Bxf3 {[%emt 0:00:47]} Nfd7 {[%emt 0:00:21]} 15. e5 {[%emt 0:03:18]} Re8 {[%emt 0:12:00]} 16. h4 {[%emt 0:02:55]} Nc4 {[%emt 0:07:40]} 17. Bc1 {[%emt 0:00:56]} Qa5 {[%emt 0:03:22]} 18. h5 {[%emt 0:01:48]} f6 {[%emt 0:01:42]} 19. Qg3 {[%emt 0:02:20]} fxe5 {[%emt 0:09:19]} 20. d5 {[%emt 0:03:34]} Nf6 {[%emt 0:09:36]} 21. hxg6 {[%emt 0:04:35]} Rad8 {[%emt 0:02:55]} 22. dxc6 {[%emt 0:05:30]} bxc6 {[%emt 0:03:58]} 23. Bxc6 {[%emt 0:00:18]} Rxd1 {[%emt 0:00:41]} 24. Rxd1 {[%emt 0:00:11]} Rd8 {[%emt 0:00:18]} 25. Rxd8+ {[%emt 0:01:02]} Qxd8 {[%emt 0:00:10]} 26. Ba4 {[%emt 0:05:02]} Kh8 {[%emt 0:02:27]} 27. Qh3 {[%emt 0:01:17]} Nd2 {[%emt 0:04:39]} 28. Bb5 {[%emt 0:03:14]} e4 {[%emt 0:02:26]} 29. Qe3 {[%emt 0:02:18]} Nb1 {[%emt 0:05:18]} 30. Nxb1 {[%emt 0:01:01]} Qd1+ {[%emt 0:00:25]} 31. Bf1 {[%emt 0:00:14]} Qh5 {[%emt 0:00:27]} 32. Qxa7 {[%emt 0:02:19]} 1-0

[Event "45th Sitges Open 2019"]
[Site "Sitges"]
[Date "2019.07.22"]
[Round "1.4"]
[White "Bhavesh, Mahajan"]
[Black "Munoz, Miguel"]
[Result "0-1"]
[WhiteElo "2051"]
[BlackElo "2511"]
[Annotator "ChessBase"]
[PlyCount "120"]
[EventDate "2019.07.21"]
[EventType "swiss"]
[EventCountry "ESP"]
[SourceTitle "playchess.com"]
[Source "ChessBase"]
[SourceQuality "1"]
[TimeControl "40/5400+30:1800+30"]

1. e4 {[%emt 0:00:00]} c5 {[%emt 0:01:10]} 2. Nf3 {[%emt 0:00:00]} Nc6 {[%emt 0:00:10]} 3. d4 {[%emt 0:00:00]} cxd4 {[%emt 0:00:06]} 4. Nxd4 {[%emt 0:00:00]} Nf6 {[%emt 0:00:08]} 5. Nc3 {[%emt 0:00:00]} e5 {[%emt 0:00:10]} 6. Ndb5 {[%emt 0:00:11]} d6 {[%emt 0:00:09]} 7. a4 {[%emt 0:00:09]} a6 {[%emt 0:00:08]} 8. Na3 {[%emt 0:00:01]} Be7 {[%emt 0:01:06]} 9. Bc4 {[%emt 0:00:12]} Be6 {[%emt 0:00:11]} 10. O-O {[%emt 0:00:26]} Nxe4 {[%emt 0:04:18]} 11. Bxe6 {[%emt 0:03:43]} Nxc3 {[%emt 0:02:50]} 12. Bxf7+ {[%emt 0:00:50]} Kxf7 {[%emt 0:00:08]} 13. Qf3+ {[%emt 0:12:37]} Bf6 {[%emt 0:01:53]} 14. Qxc3 {[%emt 0:00:20]} d5 {[%emt 0:01:34]} 15. Be3 {[%emt 0:10:18]} Qd7 {[%emt 0:06:27]} 16. Rfd1 {[%emt 0:05:59]} Rac8 {[%emt 0:01:10]} 17. Qb3 {[%emt 0:09:13]} Ne7 {[%emt 0:00:27]} 18. c3 {[%emt 0:02:17]} Qe6 {[%emt 0:04:12]} 19. Rd2 {[%emt 0:07:50]} Rc7 {[%emt 0:03:05]} 20. Rad1 {[%emt 0:01:04]} Rhc8 {[%emt 0:05:42]} 21. h3 {[%emt 0:02:29]} h6 {[%emt 0:01:58]} 22. Re1 {[%emt 0:07:03]} Rd7 {[%emt 0:07:48]} 23. Red1 {[%emt 0:03:38]} Rdc7 {[%emt 0:09:24]} 24. Re1 {[%emt 0:01:03]} Rd7 {[%emt 0:05:31]} 25. Red1 {[%emt 0:00:04]} Kg8 {[%emt 0:05:20]} 26. Nc2 {[%emt 0:01:55]} Nf5 {[%emt 0:00:10]} 27. Nb4 {[%emt 0:05:56]} Nxe3 {[%emt 0:02:12]} 28. fxe3 {[%emt 0:00:04]} Bg5 {[%emt 0:00:06]} 29. Rxd5 {[%emt 0:05:23]} Bxe3+ {[%emt 0:00:54]} 30. Kh1 {[%emt 0:00:16]} Rf8 {[%emt 0:01:06]} 31. c4 {[%emt 0:02:14]} Rf3 {[%emt 0:10:20]} 32. Qc2 {[%emt 0:11:31]} Rxd5 {[%emt 0:01:16]} 33. Nxd5 {[%emt 0:01:30]} Rxh3+ {[%emt 0:00:36]} 34. gxh3 {[%emt 0:00:02]} Qxh3+ {[%emt 0:00:12]} 35. Qh2 {[%emt 0:00:08]} Qf3+ {[%emt 0:00:06]} 36. Qg2 {[%emt 0:00:04]} Qh5+ {[%emt 0:06:43]} 37. Qh2 {[%emt 0:00:02]} Qxd1+ {[%emt 0:00:23]} 38. Kg2 {[%emt 0:00:04]} Qc2+ {[%emt 0:03:18]} 39. Kh3 {[%emt 0:00:37]} Qf5+ {[%emt 0:00:20]} 40. Kg2 {[%emt 0:00:00]} Qe4+ {[%emt 0:00:00]} 41. Kh3 {[%emt 0:01:16]} Bf4 {[%emt 0:06:05]} 42. Qf2 {[%emt 0:01:30]} Qxc4 {[%emt 0:00:51]} 43. Nxf4 {[%emt 0:00:41]} exf4 {[%emt 0:02:18]} 44. Kg4 {[%emt 0:00:24]} Qe6+ {[%emt 0:00:26]} 45. Kf3 {[%emt 0:00:09]} Qd5+ {[%emt 0:00:16]} 46. Kg4 {[%emt 0:00:09]} Qg5+ {[%emt 0:00:24]} 47. Kf3 {[%emt 0:00:02]} Qg3+ {[%emt 0:00:15]} 48. Qxg3 {[%emt 0:00:04]} fxg3 {[%emt 0:00:09]} 49. Kxg3 {[%emt 0:00:02]} Kf7 {[%emt 0:00:17]} 50. Kf4 {[%emt 0:00:05]} Ke6 {[%emt 0:00:11]} 51. Ke4 {[%emt 0:00:04]} g5 {[%emt 0:00:09]} 52. Kd4 {[%emt 0:00:04]} h5 {[%emt 0:00:11]} 53. Kc5 {[%emt 0:00:03]} g4 {[%emt 0:00:12]} 54. Kb6 {[%emt 0:00:03]} g3 {[%emt 0:00:13]} 55. Kxb7 {[%emt 0:00:02]} a5 {[%emt 0:00:28]} 56. Ka6 {[%emt 0:00:03]} g2 {[%emt 0:00:09]} 57. Kxa5 {[%emt 0:00:03]} g1=Q {[%emt 0:00:11]} 58. b4 {[%emt 0:00:04]} Kd5 {[%emt 0:00:16]} 59. b5 {[%emt 0:00:04]} Kc5 {[%emt 0:00:18]} 60. b6 {[%emt 0:00:08]} Qb1 {[%emt 0:00:11]} 0-1

[Event "45th Sitges Open 2019"]
[Site "Sitges"]
[Date "2019.07.22"]
[Round "1.5"]
[White "Oliva Castaneda, Kevel"]
[Black "Vigo Allepuz, David"]
[Result "1-0"]
[WhiteElo "2467"]
[BlackElo "2045"]
[Annotator "ChessBase"]
[PlyCount "47"]
[EventDate "2019.07.21"]
[EventType "swiss"]
[EventCountry "ESP"]
[SourceTitle "playchess.com"]
[Source "ChessBase"]
[SourceQuality "1"]
[TimeControl "40/5400+30:1800+30"]

1. d4 {[%emt 0:00:00]} e6 {[%emt 0:00:00]} 2. e4 {[%emt 0:00:57]} d5 {[%emt 0:00:00]} 3. Nd2 {[%emt 0:00:03]} Nf6 {[%emt 0:00:00]} 4. e5 {[%emt 0:00:05]} Nfd7 {[%emt 0:00:00]} 5. f4 {[%emt 0:00:29]} c5 {[%emt 0:00:00]} 6. Ngf3 {[%emt 0:00:04]} Nc6 {[%emt 0:00:04]} 7. Nb3 {[%emt 0:00:03]} cxd4 {[%emt 0:03:16]} 8. Nbxd4 {[%emt 0:00:16]} Nxd4 {[%emt 0:00:42]} 9. Nxd4 {[%emt 0:00:48]} Bc5 {[%emt 0:00:20]} 10. c3 {[%emt 0:03:51]} a6 {[%emt 0:03:46]} 11. Be3 {[%emt 0:00:22]} Qc7 {[%emt 0:06:16]} 12. Bd3 {[%emt 0:00:55]} Bxd4 {[%emt 0:01:46]} 13. cxd4 {[%emt 0:02:14]} Qa5+ {[%emt 0:00:23]} 14. Kf2 {[%emt 0:03:15]} Nb6 {[%emt 0:03:00]} 15. b3 {[%emt 0:02:42]} Qa3 {[%emt 0:01:25]} 16. Qc2 {[%emt 0:01:33]} Bd7 {[%emt 0:10:52]} 17. Qc7 {[%emt 0:01:09]} Nc4 {[%emt 0:00:06]} 18. Bc1 {[%emt 0:03:26]} Qb4 {[%emt 0:00:07]} 19. bxc4 {[%emt 0:07:05]} Rc8 {[%emt 0:01:05]} 20. Qd6 {[%emt 0:00:27]} Qc3 {[%emt 0:01:32]} 21. Ba3 {[%emt 0:00:29]} Qd2+ {[%emt 0:02:50]} 22. Be2 {[%emt 0:00:25]} Qxd4+ {[%emt 0:01:12]} 23. Kg3 {[%emt 0:00:18]} g5 {[%emt 0:03:00]} 24. Qe7# 1-0

[Event "45th Sitges Open 2019"]
[Site "Sitges"]
[Date "2019.07.22"]
[Round "1.6"]
[White "Roca Planas, Edgar"]
[Black "Berdayes Ason, Dylan Isidro"]
[Result "0-1"]
[WhiteElo "2045"]
[BlackElo "2461"]
[Annotator "ChessBase"]
[PlyCount "64"]
[EventDate "2019.07.21"]
[EventType "swiss"]
[EventCountry "ESP"]
[SourceTitle "playchess.com"]
[Source "ChessBase"]
[SourceQuality "1"]
[TimeControl "40/5400+30:1800+30"]

1. e4 {[%emt 0:00:00]} d6 {[%emt 0:21:18]} 2. d4 {[%emt 0:00:17]} Nf6 {[%emt 0:00:18]} 3. Nc3 {[%emt 0:00:06]} g6 {[%emt 0:00:03]} 4. Nf3 {[%emt 0:00:47]} Bg7 {[%emt 0:00:02]} 5. h3 {[%emt 0:02:35]} O-O {[%emt 0:00:09]} 6. Be3 {[%emt 0:00:15]} c6 {[%emt 0:02:35]} 7. Qd2 {[%emt 0:01:50]} Nbd7 {[%emt 0:05:36]} 8. Bd3 {[%emt 0:04:02]} e5 {[%emt 0:01:47]} 9. O-O-O {[%emt 0:01:31]} b5 {[%emt 0:01:04]} 10. Ne2 {[%emt 0:07:25]} a6 {[%emt 0:04:26]} 11. Ng3 {[%emt 0:15:20]} Bb7 {[%emt 0:08:26]} 12. Bh6 {[%emt 0:08:02]} c5 {[%emt 0:00:41]} 13. d5 {[%emt 0:02:22]} c4 {[%emt 0:00:18]} 14. Bf1 {[%emt 0:11:48]} c3 {[%emt 0:00:51]} 15. bxc3 {[%emt 0:02:37]} Qa5 {[%emt 0:00:52]} 16. Bd3 {[%emt 0:14:10]} Rac8 {[%emt 0:11:28]} 17. Bxg7 {[%emt 0:11:12]} Kxg7 {[%emt 0:00:27]} 18. Qg5 {[%emt 0:00:20]} Ng8 {[%emt 0:14:06]} 19. Nf5+ {[%emt 0:06:19]} Kh8 {[%emt 0:00:03]} 20. Nh6 {[%emt 0:00:43]} f6 {[%emt 0:02:14]} 21. Qe3 {[%emt 0:01:01]} Nxh6 {[%emt 0:02:04]} 22. Qxh6 {[%emt 0:00:03]} Qxc3 {[%emt 0:00:03]} 23. h4 {[%emt 0:01:18]} Nc5 {[%emt 0:00:33]} 24. Ne1 {[%emt 0:00:56]} b4 {[%emt 0:01:58]} 25. Kb1 {[%emt 0:04:45]} Na4 {[%emt 0:00:50]} 26. Qc1 {[%emt 0:00:14]} Qc5 {[%emt 0:00:58]} 27. Rd2 {[%emt 0:01:09]} Qa5 {[%emt 0:00:01]} 28. Ka1 {[%emt 0:01:53]} Rc3 {[%emt 0:00:35]} 29. Rd1 {[%emt 0:00:54]} Ra3 {[%emt 0:00:35]} 30. Bc4 {[%emt 0:00:26]} Nc3 {[%emt 0:00:09]} 31. Nd3 {[%emt 0:00:37]} Rxa2+ {[%emt 0:00:10]} 32. Bxa2 {[%emt 0:00:06]} Qxa2# {[%emt 0:00:02]} 0-1

[Event "45th Sitges Open 2019"]
[Site "Sitges"]
[Date "2019.07.22"]
[Round "1.7"]
[White "Sreeshwan, Maralakshikari"]
[Black "Kleifges, Matthias"]
[Result "1-0"]
[WhiteElo "2461"]
[BlackElo "2045"]
[Annotator "ChessBase"]
[PlyCount "73"]
[EventDate "2019.07.21"]
[EventType "swiss"]
[EventCountry "ESP"]
[SourceTitle "playchess.com"]
[Source "ChessBase"]
[SourceQuality "1"]
[TimeControl "40/5400+30:1800+30"]

1. d4 {[%emt 0:00:00]} Nf6 {[%emt 0:00:00]} 2. c4 {[%emt 0:00:04]} e5 {[%emt 0:00:21]} 3. dxe5 {[%emt 0:00:04]} Ng4 {[%emt 0:00:23]} 4. Bf4 {[%emt 0:00:04]} Bb4+ {[%emt 0:00:19]} 5. Nd2 {[%emt 0:00:12]} Nc6 {[%emt 0:00:28]} 6. Ngf3 {[%emt 0:00:04]} Qe7 {[%emt 0:01:09]} 7. e3 {[%emt 0:00:06]} Ngxe5 {[%emt 0:01:14]} 8. Nxe5 {[%emt 0:00:06]} Nxe5 {[%emt 0:00:22]} 9. Be2 {[%emt 0:00:06]} b6 {[%emt 0:03:15]} 10. O-O {[%emt 0:03:51]} Bxd2 {[%emt 0:08:24]} 11. Qxd2 {[%emt 0:00:56]} Bb7 {[%emt 0:00:19]} 12. Qc3 {[%emt 0:02:59]} d6 {[%emt 0:02:38]} 13. b4 {[%emt 0:00:22]} O-O {[%emt 0:06:48]} 14. c5 {[%emt 0:00:38]} Rfe8 {[%emt 0:03:30]} 15. Rac1 {[%emt 0:00:28]} dxc5 {[%emt 0:03:31]} 16. bxc5 {[%emt 0:00:12]} Ng6 {[%emt 0:02:09]} 17. Bg3 {[%emt 0:00:19]} Bd5 {[%emt 0:01:31]} 18. a3 {[%emt 0:00:24]} c6 {[%emt 0:02:14]} 19. Rfd1 {[%emt 0:02:04]} Nh4 {[%emt 0:11:19]} 20. Bf1 {[%emt 0:17:18]} Nf5 {[%emt 0:02:07]} 21. Bf4 {[%emt 0:00:04]} g5 {[%emt 0:03:49]} 22. Bg3 {[%emt 0:00:10]} h5 {[%emt 0:00:45]} 23. Bd3 {[%emt 0:00:44]} Nxg3 {[%emt 0:02:41]} 24. hxg3 {[%emt 0:00:11]} Qe5 {[%emt 0:05:08]} 25. a4 {[%emt 0:15:51]} Rab8 {[%emt 0:06:15]} 26. Be2 {[%emt 0:08:33]} g4 {[%emt 0:02:43]} 27. Rd4 {[%emt 0:00:06]} f5 {[%emt 0:04:12]} 28. Bc4 {[%emt 0:01:28]} bxc5 {[%emt 0:03:21]} 29. Bxd5+ {[%emt 0:00:06]} cxd5 {[%emt 0:00:52]} 30. Qxc5 {[%emt 0:00:08]} Rbc8 {[%emt 0:03:29]} 31. Qxc8 {[%emt 0:01:07]} Rxc8 {[%emt 0:00:01]} 32. Rxc8+ {[%emt 0:00:11]} Kf7 {[%emt 0:00:29]} 33. Rc5 {[%emt 0:00:09]} Ke6 {[%emt 0:00:57]} 34. Ra5 {[%emt 0:00:27]} h4 {[%emt 0:03:51]} 35. Raxd5 {[%emt 0:00:35]} Qxd5 {[%emt 0:03:07]} 36. Rxd5 {[%emt 0:00:06]} Kxd5 {[%emt 0:00:52]} 37. gxh4 {[%emt 0:00:11]} 1-0

[Event "45th Sitges Open 2019"]
[Site "Sitges"]
[Date "2019.07.22"]
[Round "1.8"]
[White "Gurrutxaga Telleria, Jose Luis"]
[Black "Sturt, Raven"]
[Result "0-1"]
[WhiteElo "2034"]
[BlackElo "2429"]
[Annotator "TA"]
[PlyCount "72"]
[EventDate "2019.07.21"]
[EventType "swiss"]
[EventCountry "ESP"]
[SourceTitle "playchess.com"]
[Source "ChessBase"]
[SourceQuality "1"]

{[%evp 9,72,10,67,46,80,71,74,0,29,9,24,10,46,60,119,69,115,112,97,71,58,67,60,68,97,89,100,80,89,0,0,-39,46,47,54,47,41,45,48,-100,-106,-102,-37,-29,0,0,0,-75,-69,-69,-75,-67,-71,-70,-31,-174,-166,-187,-184,-254,-249,-362,-349,-413,-386]} 1. d4 d5 2. c4 c6 3. Nf3 Nf6 4. e3 Bf5 5. cxd5 Nxd5 (5... cxd5 $11 6. Nc3 e6) 6. Nbd2 {D12: Slav Defence: 3 Nf3 Nf6 4 e3 Bf5} Bg6 7. h4 {Hoping for h5.} Bh5 $146 ({Predecessor:} 7... h6 8. Ne5 Qd6 9. Ndc4 Qe6 10. Nxg6 Qxg6 11. Qb3 b6 12. Ne5 Qd6 13. Bd2 e6 {1-0 (41) Dimakiling,O (2373)-Galas,B (2020) Quezon City 2014}) 8. Nc4 (8. Qb3 $16) 8... Nd7 9. Qb3 e6 10. Bd2 Bxf3 11. gxf3 b6 (11... Qc7 $14) 12. O-O-O Be7 13. e4 N5f6 14. Bf4 O-O 15. Kb1 b5 16. Ne5 Qb6 17. Bg5 {Black must now prevent Nxd7.} Rfe8 18. Nxd7 Nxd7 19. Bxe7 (19. Be3 $16) 19... Rxe7 $11 20. Rg1 a5 (20... Nf8 $15) 21. Qe3 $14 a4 22. Bh3 Kh8 23. f4 a3 24. Qg3 {[#]} (24. b3 $1 $14 {keeps the upper hand.}) 24... f5 $1 $17 25. b3 fxe4 {[#]} (25... Nf6 $17 26. exf5 exf5 27. Bxf5 Qa5) 26. Bxe6 $1 $15 {[%mdl 512]} Nf6 (26... Nf8 $5 {[%cal Rf8e6]} 27. Qg5 Qc7 $15) (26... Rxe6 27. Qxg7#) 27. f5 Rd8 28. Qc3 (28. Qe5 $11 {remains equal.}) 28... Nd5 $17 29. Bxd5 cxd5 30. Qc5 Qxc5 31. dxc5 $15 {[%mdl 4096] Endgame KRR-KRR} Re5 32. Rgf1 ({White should play} 32. f6 $15) 32... Rxf5 $19 33. b4 Kg8 34. Rd4 (34. Rde1 $142) 34... Kf7 35. Kc2 (35. f3 {is a better defense.}) 35... Ke6 36. Kd1 Ke5 {Accuracy: White = 37%, Black = 57%.} 0-1

[Event "45th Sitges Open 2019"]
[Site "Sitges"]
[Date "2019.07.23"]
[Round "2.1"]
[White "Ingebretsen, Jens E"]
[Black "Baklan, Vladimir"]
[Result "0-1"]
[WhiteElo "2276"]
[BlackElo "2621"]
[Annotator "TA"]
[PlyCount "84"]
[EventDate "2019.07.21"]
[EventType "swiss"]
[EventCountry "ESP"]
[SourceTitle "playchess.com"]
[Source "ChessBase"]
[SourceQuality "1"]

{[%evp 9,84,1,7,5,22,15,31,23,26,21,30,16,32,31,37,-28,69,18,18,-2,55,14,42,20,13,9,23,21,22,19,19,0,34,27,31,39,27,11,0,0,53,0,0,0,0,-10,-10,-38,0,0,0,-4,-16,-44,-44,-217,-202,-427,-460,-420,-463,-463,-460,-791,-793,-769,-748,-929,-937,-1337,-1337,-1318,-1311,-1243,-1174,-847,-793]} 1. c4 e5 2. Nc3 Bb4 3. Nd5 Bc5 4. e3 Nf6 5. b4 Be7 6. Nxe7 {A21: English Opening: 1...e5 2 Nc3} Qxe7 7. Bb2 d6 8. Ne2 $146 {White is slightly better.} ({Predecessor:} 8. Nf3 e4 9. Nd4 O-O 10. b5 c5 11. bxc6 bxc6 {½-½ (32) Tari,A (2625)-Chandra,A (2492) Caleta 2019}) 8... a5 9. b5 Nbd7 10. Ng3 Nc5 11. Be2 h5 12. Qc2 (12. h4 $14) 12... g6 (12... h4 $11 13. Nf5 Bxf5 14. Qxf5 h3) 13. h4 (13. d4 $14 h4 14. Nh5 (14. dxc5 hxg3 15. fxg3 Bf5 $14) 14... Rxh5 15. dxc5 (15. Bxh5 $2 Bf5 $19)) 13... O-O 14. f3 c6 (14... a4 $11) 15. a4 Ne6 16. Kf2 Bd7 17. d4 exd4 18. exd4 Rfe8 19. Qd2 {[#] Threatens to win with d5.} d5 $1 20. c5 Nh7 21. Bd3 Qf6 22. Ne2 Ng7 23. g3 Bf5 24. Nf4 Nf8 ({Better is} 24... Bxd3 $11 25. Nxd3 Nf8) 25. Rhe1 ({White should play} 25. Be2 $14) 25... Nfe6 $11 26. Nxe6 Nxe6 27. Bxf5 Qxf5 28. Rad1 Qh3 {Strongly threatening ...Qh2+.} 29. Rh1 Qf5 30. b6 Ng7 {[%cal Be6g7,Bg7f5,Bf5g3,Bg3e2][%mdl 32]} 31. Bc3 Re6 32. Qd3 $2 (32. Rdg1 $15) 32... Rae8 $19 {And now ...Re2+! would win.} 33. Rhe1 $2 (33. Bxa5 {is a better defense.} Re2+ 34. Qxe2 Rxe2+ 35. Kxe2) 33... Rxe1 34. Bxe1 Qh3 35. Kg1 {Black is clearly winning.} Nf5 36. Qd2 (36. Qf1 $142 Qxf1+ 37. Kxf1 Ne3+ {[%mdl 64] Double Attack} 38. Ke2) 36... Nxg3 37. Qg2 Ne2+ 38. Kf1 Qf5 39. Bxa5 Nf4 40. Qg3 {[#]} Qc2 $1 {[%mdl 576] ( -> ...Qe2+). Double Attack} 41. Re1 Rxe1+ 42. Bxe1 Qd3+ {Accuracy: White = 30%, Black = 61%.} 0-1